| 000 | 00938nam a22002057a 4500 | ||
|---|---|---|---|
| 999 |
_c17574 _d17574 |
||
| 003 | AR-CdUCM | ||
| 008 | 190509b ||||| |||| 00| 0 spa d | ||
| 040 |
_aMUNICIPALIDAD PROVINCIAL DEL CUSCO _cBIBLIOTECA MUNICIPAL DEL CUSCO |
||
| 082 |
_a131.34 / _bJ89 |
||
| 100 |
_aJung, C. G. _935447 |
||
| 245 |
_aSimbología del espíritu : _bEstudios sobre fenomenología psíquica con una aportación del dr. Riwkah Scharf / |
||
| 260 |
_aMexico : _bFondo de cultura economica, _c1962. |
||
| 300 |
_a329 paginas ; _bIlustraciones, graficos, dibujos, _c20 cm. |
||
| 505 | _aContenido: Prefacio -- El espiritu mercurio -- La figura de satanas en el antiguo testamento -- Ensayo para una interpretación Psicologica del dogma de la trinidad -- Acerca de la meditación oriental... | ||
| 650 |
_aFenomenologia _937666 |
||
| 650 |
_aEspiritu _926051 |
||
| 700 |
_aRodriguez Cabo, Matilde _937667 |
||
| 942 |
_2ddc _cLIBROS |
||
| 945 |
_apjha _d2019-05-09 |
||